000 00972nam a2200289 a 4500
001 BRCA_2653
005 20190320203917.0
008 011208s1922----nyua---###---#000-0#eng-u
041 _aeng
044 _anyu
050 4 _aNK4320.M5
_b.B37 1922
100 1 _aBarber, Edwin Atlee
_d1851-1916
_97296
245 1 0 _aThe Emily Johnston de Forest Collection of Mexican Maiolica Catalogue
_cby Edwin Atlee Barber.
260 _aNew York
_bThe Metropolitan Museum of Art
_c1922
300 _axxii, 41 p.
_bil.
_c23 cm.
500 _aLa biblioteca tiene 6 ejemplares con el mismo número de inventario
500 _aA102
600 1 4 _aForest, Mrs. Robert W. de
_97488
650 1 4 _aColeccionistas y colecciones
_97534
650 1 4 _aCerámica mexicana
_97535
650 1 4 _aMayólica
_97298
650 1 4 _aTalavera poblana
_91700
710 2 _aHispanic Society of America
_97536
710 2 _aMetropolitan Museum of Art (Nueva York)
_97537
902 _aGFM
942 _2lcc
_cB
999 _c2393
_d2393